| 000 | 00651nam a2200205Ia 4500 | ||
|---|---|---|---|
| 005 | 20230405101117.0 | ||
| 008 | 131103s9999 xx 000 0 und d | ||
| 020 |
_a8126902752 _cRs. 350 |
||
| 040 | _aLoreto College | ||
| 041 | _aEnglish | ||
| 082 |
_a823(I) _bBHO |
||
| 245 | 4 |
_aThe Inside view _b Native responses to contemporary Indian English novel _cedited by Rangrao Bhongle |
|
| 260 |
_aNew Delhi _bAtlantic _c2003 |
||
| 300 | _axvi,258 p. | ||
| 504 | _aIncludes bibliographical references | ||
| 650 | _aIndic Fiction (English) - 20th Century, History and Criticism | ||
| 700 | _aBhongle, Bhongle, ed. | ||
| 850 | _aLCLIB | ||
| 942 | _cBK | ||
| 999 |
_c6107 _d56586 |
||